000 00325nam a2200133Ia 4500
005 20251222151305.0
008 251222s9999||||xx |||||||||||||| ||spa||
082 _a985.009.3/G26
100 _aGarcilaso de la Vega, Inca
245 0 _aComentarios Reales de los Incas
250 _a1ra.ed.
264 _bAndina
942 _cLIB
999 _c23119
_d23119